<?xml version="1.0" encoding="UTF-8"?>
<record
    xmlns:xsi="http://www.w3.org/2001/XMLSchema-instance"
    xsi:schemaLocation="http://www.loc.gov/MARC21/slim http://www.loc.gov/standards/marcxml/schema/MARC21slim.xsd"
    xmlns="http://www.loc.gov/MARC21/slim">

  <leader>01341nam a22002895a 4500</leader>
  <controlfield tag="003">EG-ScBUE</controlfield>
  <controlfield tag="005">20221117075024.0</controlfield>
  <controlfield tag="008">161122s2009    ua     f b    000 0 ara d</controlfield>
  <datafield tag="020" ind1=" " ind2=" ">
    <subfield code="a">9789770459760</subfield>
  </datafield>
  <datafield tag="040" ind1=" " ind2=" ">
    <subfield code="a">EG-ScBUE</subfield>
    <subfield code="b">ara</subfield>
    <subfield code="e">rda</subfield>
    <subfield code="c">EG-ScBUE</subfield>
    <subfield code="d">EG-ScBUE</subfield>
  </datafield>
  <datafield tag="082" ind1="0" ind2="4">
    <subfield code="a">345.02323</subfield>
    <subfield code="b">&#x633; &#x644; &#x637;</subfield>
    <subfield code="2">22</subfield>
  </datafield>
  <datafield tag="100" ind1="1" ind2=" ">
    <subfield code="a">&#x633;&#x644;&#x637;&#x627;&#x646;&#x60C; &#x62E;&#x627;&#x644;&#x62F; &#x631;&#x645;&#x636;&#x627;&#x646; &#x639;&#x628;&#x62F; &#x627;&#x644;&#x639;&#x627;&#x644;&#x60C;</subfield>
    <subfield code="e">&#x645;&#x624;&#x644;&#x641;.</subfield>
  </datafield>
  <datafield tag="245" ind1="1" ind2="0">
    <subfield code="a">&#x62C;&#x631;&#x627;&#x626;&#x645; &#x627;&#x644;&#x631;&#x634;&#x648;&#x629; &#x641;&#x64A; &#x639;&#x642;&#x648;&#x62F; &#x627;&#x644;&#x62A;&#x62C;&#x627;&#x631;&#x629; &#x627;&#x644;&#x62F;&#x648;&#x644;&#x64A;&#x629; :</subfield>
    <subfield code="b">&#x62F;&#x631;&#x627;&#x633;&#x629; &#x645;&#x642;&#x627;&#x631;&#x646;&#x629; /</subfield>
    <subfield code="c">&#x62F;&#x643;&#x62A;&#x648;&#x631; &#x62E;&#x627;&#x644;&#x62F; &#x631;&#x645;&#x636;&#x627;&#x646; &#x639;&#x628;&#x62F; &#x627;&#x644;&#x639;&#x627;&#x644; &#x633;&#x644;&#x637;&#x627;&#x646;&#x60C; &#x642;&#x633;&#x645; &#x627;&#x644;&#x642;&#x627;&#x646;&#x648;&#x646; &#x627;&#x644;&#x62C;&#x646;&#x627;&#x626;&#x64A;&#x60C; &#x643;&#x644;&#x64A;&#x629; &#x627;&#x644;&#x62D;&#x642;&#x648;&#x642;&#x60C; &#x62C;&#x627;&#x645;&#x639;&#x629; &#x62D;&#x644;&#x648;&#x627;&#x646;.</subfield>
  </datafield>
  <datafield tag="250" ind1=" " ind2=" ">
    <subfield code="a">&#x627;&#x644;&#x637;&#x628;&#x639;&#x629; &#x627;&#x644;&#x623;&#x648;&#x644;&#x649;.</subfield>
  </datafield>
  <datafield tag="264" ind1=" " ind2="1">
    <subfield code="a">&#x627;&#x644;&#x642;&#x627;&#x647;&#x631;&#x629; :</subfield>
    <subfield code="b">&#x62F;&#x627;&#x631; &#x627;&#x644;&#x646;&#x647;&#x636;&#x629; &#x627;&#x644;&#x639;&#x631;&#x628;&#x64A;&#x629;&#x60C;</subfield>
    <subfield code="c">2009.</subfield>
  </datafield>
  <datafield tag="300" ind1=" " ind2=" ">
    <subfield code="a">374 &#x635;&#x641;&#x62D;&#x629; &#x61B;</subfield>
    <subfield code="c">24 &#x633;&#x645;</subfield>
  </datafield>
  <datafield tag="504" ind1=" " ind2=" ">
    <subfield code="a">&#x64A;&#x634;&#x62A;&#x645;&#x644; &#x639;&#x644;&#x649; &#x625;&#x631;&#x62C;&#x627;&#x639;&#x627;&#x62A; &#x628;&#x628;&#x644;&#x64A;&#x648;&#x62C;&#x631;&#x627;&#x641;&#x64A;&#x629;.</subfield>
  </datafield>
  <datafield tag="541" ind1=" " ind2=" ">
    <subfield code="a">Book from store.</subfield>
  </datafield>
  <datafield tag="650" ind1=" " ind2="7">
    <subfield code="a">&#x62C;&#x631;&#x627;&#x626;&#x645; &#x627;&#x644;&#x631;&#x634;&#x648;&#x629; (&#x642;&#x627;&#x646;&#x648;&#x646; &#x62F;&#x648;&#x644;&#x64A;) </subfield>
    <subfield code="2">BUEsh</subfield>
  </datafield>
  <datafield tag="650" ind1=" " ind2="7">
    <subfield code="a">&#x62C;&#x631;&#x627;&#x626;&#x645; &#x627;&#x644;&#x631;&#x634;&#x648;&#x629;</subfield>
    <subfield code="x">&#x642;&#x648;&#x627;&#x646;&#x64A;&#x646; &#x648;&#x62A;&#x634;&#x631;&#x64A;&#x639;&#x627;&#x62A;</subfield>
    <subfield code="z">&#x645;&#x635;&#x631;.</subfield>
    <subfield code="2">BUEsh</subfield>
  </datafield>
  <datafield tag="650" ind1=" " ind2="7">
    <subfield code="a">&#x62C;&#x631;&#x627;&#x626;&#x645; &#x627;&#x644;&#x631;&#x634;&#x648;&#x629;</subfield>
    <subfield code="x">&#x642;&#x648;&#x627;&#x646;&#x64A;&#x646; &#x648;&#x62A;&#x634;&#x631;&#x64A;&#x639;&#x627;&#x62A;</subfield>
    <subfield code="z">&#x627;&#x644;&#x628;&#x644;&#x627;&#x62F; &#x627;&#x644;&#x639;&#x631;&#x628;&#x64A;&#x629;.</subfield>
    <subfield code="2">BUEsh</subfield>
  </datafield>
  <datafield tag="650" ind1=" " ind2="7">
    <subfield code="a">&#x627;&#x644;&#x639;&#x642;&#x648;&#x62F; &#x627;&#x644;&#x62A;&#x62C;&#x627;&#x631;&#x64A;&#x629; (&#x642;&#x627;&#x646;&#x648;&#x646; &#x62F;&#x648;&#x644;&#x64A;)</subfield>
    <subfield code="2">BUEsh</subfield>
  </datafield>
  <datafield tag="651" ind1=" " ind2=" ">
    <subfield code="2">BUEsh</subfield>
  </datafield>
  <datafield tag="653" ind1=" " ind2=" ">
    <subfield code="b">LLAAWW</subfield>
    <subfield code="c">November2016</subfield>
  </datafield>
  <datafield tag="655" ind1=" " ind2=" ">
    <subfield code="v">Reading book</subfield>
  </datafield>
  <datafield tag="942" ind1=" " ind2=" ">
    <subfield code="2">ddc</subfield>
  </datafield>
  <datafield tag="999" ind1=" " ind2=" ">
    <subfield code="c">23240</subfield>
    <subfield code="d">23212</subfield>
  </datafield>
  <datafield tag="952" ind1=" " ind2=" ">
    <subfield code="0">0</subfield>
    <subfield code="1">0</subfield>
    <subfield code="2">ddc</subfield>
    <subfield code="4">0</subfield>
    <subfield code="7">0</subfield>
    <subfield code="8">DarN.AR.</subfield>
    <subfield code="a">MAIN</subfield>
    <subfield code="b">MAIN</subfield>
    <subfield code="c">1ST</subfield>
    <subfield code="d">2016-11-22</subfield>
    <subfield code="e">Purchase</subfield>
    <subfield code="g">70.00</subfield>
    <subfield code="h">2815</subfield>
    <subfield code="o">345.02323 &#x633; &#x644; &#x637;</subfield>
    <subfield code="p">000034931</subfield>
    <subfield code="r">2025-07-15 00:00:00</subfield>
    <subfield code="s">2022-12-11</subfield>
    <subfield code="v">87.50</subfield>
    <subfield code="y">BB</subfield>
  </datafield>
  <datafield tag="952" ind1=" " ind2=" ">
    <subfield code="0">0</subfield>
    <subfield code="1">0</subfield>
    <subfield code="2">ddc</subfield>
    <subfield code="4">0</subfield>
    <subfield code="7">0</subfield>
    <subfield code="8">DarN.AR.</subfield>
    <subfield code="a">MAIN</subfield>
    <subfield code="b">MAIN</subfield>
    <subfield code="c">1ST</subfield>
    <subfield code="d">2016-11-22</subfield>
    <subfield code="e">Purchase</subfield>
    <subfield code="g">70.00</subfield>
    <subfield code="h">2815</subfield>
    <subfield code="o">345.02323 &#x633; &#x644; &#x637;</subfield>
    <subfield code="p">000034930</subfield>
    <subfield code="r">2025-07-15 00:00:00</subfield>
    <subfield code="v">87.50</subfield>
    <subfield code="y">BB</subfield>
  </datafield>
  <datafield tag="952" ind1=" " ind2=" ">
    <subfield code="0">0</subfield>
    <subfield code="1">0</subfield>
    <subfield code="2">ddc</subfield>
    <subfield code="4">0</subfield>
    <subfield code="7">0</subfield>
    <subfield code="8">Donation-G</subfield>
    <subfield code="a">MAIN</subfield>
    <subfield code="b">MAIN</subfield>
    <subfield code="c">1ST</subfield>
    <subfield code="d">2022-12-04</subfield>
    <subfield code="e">Donation</subfield>
    <subfield code="o">345.02323 &#x633; &#x644; &#x637;</subfield>
    <subfield code="p">000056605</subfield>
    <subfield code="r">2025-07-15 00:00:00</subfield>
    <subfield code="y">NB</subfield>
  </datafield>
  <datafield tag="952" ind1=" " ind2=" ">
    <subfield code="0">0</subfield>
    <subfield code="1">0</subfield>
    <subfield code="2">ddc</subfield>
    <subfield code="4">0</subfield>
    <subfield code="7">0</subfield>
    <subfield code="8">Donation-G</subfield>
    <subfield code="a">MAIN</subfield>
    <subfield code="b">MAIN</subfield>
    <subfield code="c">1ST</subfield>
    <subfield code="d">2023-06-14</subfield>
    <subfield code="e">Donation</subfield>
    <subfield code="o">345.02323 &#x633; &#x644; &#x637;</subfield>
    <subfield code="p">000056809</subfield>
    <subfield code="r">2025-07-15 00:00:00</subfield>
    <subfield code="y">BB</subfield>
  </datafield>
</record>
